Business Environment (Record no. 708)

MARC details
000 -LEADER
fixed length control field 00339nam a2200145Ia 4500
008 - FIXED-LENGTH DATA ELEMENTS--GENERAL INFORMATION
fixed length control field 191201s2012 xx 000 0 und d
082 ## - DEWEY DECIMAL CLASSIFICATION NUMBER
Classification number 658.0954
Item number NEB
100 ## - MAIN ENTRY--PERSONAL NAME
Personal name NEELAMEGAM,V
245 #0 - TITLE STATEMENT
Title Business Environment
250 ## - EDITION STATEMENT
Edition statement Rep
260 ## - PUBLICATION, DISTRIBUTION, ETC. (IMPRINT)
Place of publication, distribution, etc N. delhi
Name of publisher, distributor, etc Vrinda Publications
Date of publication, distribution, etc 2012
300 ## - PHYSICAL DESCRIPTION
Extent 634
650 ## - SUBJECT ADDED ENTRY--TOPICAL TERM
Topical term or geographic name as entry element MBA
942 ## - ADDED ENTRY ELEMENTS (KOHA)
Source of classification or shelving scheme Dewey Decimal Classification
Koha item type Text Books
942 ## - ADDED ENTRY ELEMENTS (KOHA)
-- 1
Holdings
Withdrawn status Lost status Source of classification or shelving scheme Damaged status Not for loan Collection code Home library Current library Date acquired Source of acquisition Bill Number Total Checkouts Full call number Acc. no. / Barcode Date last seen Bill Date Koha item type Public note Cost, normal purchase price Date last borrowed Checked out
    Dewey Decimal Classification     MBA PIET C-LIBRARY PIET C-LIBRARY 17/06/2011 Donated by Vrinda Publications Donated by Vrinda Publications   658.0954 NEB 17447 04/12/2019 17/06/2011 Text Books Donated By Vrinda Publications      
    Dewey Decimal Classification     MBA PIET C-LIBRARY PIET C-LIBRARY 16/07/2012 IBH, New Delhi 5677   658.0954 NEB 20243 04/12/2019 14/07/2012 Text Books   300.00    
    Dewey Decimal Classification     MBA PIET C-LIBRARY PIET C-LIBRARY 16/07/2012 IBH, New Delhi 5677   658.0954 NEB 20244 04/12/2019 14/07/2012 Text Books   300.00    
    Dewey Decimal Classification     MBA PIET C-LIBRARY PIET C-LIBRARY 16/07/2012 IBH, New Delhi 5677 1 658.0954 NEB 20245 01/10/2024 14/07/2012 Text Books   300.00 17/09/2024  
    Dewey Decimal Classification     MBA PIET C-LIBRARY PIET C-LIBRARY 16/07/2012 IBH, New Delhi 5677 2 658.0954 NEB 20246 18/11/2024 14/07/2012 Text Books   300.00 04/11/2024  
    Dewey Decimal Classification     MBA PIET C-LIBRARY PIET C-LIBRARY 16/07/2012 IBH, New Delhi 5677   658.0954 NEB 20247 04/12/2019 14/07/2012 Text Books   300.00    
    Dewey Decimal Classification     MBA PIET C-LIBRARY PIET C-LIBRARY 16/07/2012 IBH, New Delhi 5677 1 658.0954 NEB 20248 22/01/2022 14/07/2012 Text Books . 300.00 22/01/2022 21/07/2022
    Dewey Decimal Classification     MBA PIET C-LIBRARY PIET C-LIBRARY 16/07/2012 IBH, New Delhi 5677   658.0954 NEB 20249 04/12/2019 14/07/2012 Text Books   300.00    

Design & Developed by: PIET Central Library
R70 Miles Stone Pattikalyana Samalkha Panipat 132102
mail ID :- [email protected], Phone No:- 0180-2569700 Ex.216